Statistics for The Bosses Of Dead Space

Click here to take the quiz!

General Stats

  • This quiz has been taken 5 times
  • The average score is 9 of 15

Answer Stats

GameBoss% Correct
Dead Space (2023)The Hive Mind
100%
Dead SpaceThe Hive Mind
100%
Dead SpaceThe Leviathan
100%
Dead Space (2023)The Leviathan
100%
Dead SpaceThe Hunter
75%
Dead Space (2023)The Hunter
75%
Dead Space 2The Marker
75%
Dead SpaceThe Slug
75%
Dead Space 2The Ubermorph
50%
Dead Space 2Nicole Brennan
25%
Dead Space (2023)The Leviathan Remnant
25%
Dead Space 3The Snow Beast
25%
Dead Space 3The Tau Volantis Moon
25%
Dead Space 2The Tormentor
25%
Dead Space 3The Nexus
0%

Score Distribution

Percentile by Number Answered

Percent of People with Each Score

Your Score History

You have not taken this quiz